Robinsonian universal interest tables & co. (Record no. 7886)

MARC details
000 -CABECERA
campo de control de longitud fija 00684nam a2200229 a 4500
001 - NÚMERO DE CONTROL
campo de control BRCA_8218
005 - FECHA Y HORA DE LA ÚLTIMA TRANSACCIÓN
campo de control 20190320210200.0
008 - DATOS DE LONGITUD FIJA--INFORMACIÓN GENERAL
campo de control de longitud fija 190514s1881----u--d###f##---#001-0#eng-#
041 ## - CÓDIGO DE LENGUA
Código de lengua del texto/banda sonora o título independiente eng
044 ## - CÓDIGO DEL PAÍS DE LA ENTIDAD EDITORA/PRODUCTORA
Código MARC del país u
050 #4 - SIGNATURA TOPOGRÁFICA DE LA BIBLIOTECA DEL CONGRESO
Número de clasificación HG1628
Número de documento/Ítem .R63
-- 1881
100 1# - ENTRADA PRINCIPAL--NOMBRE DE PERSONA
Nombre de persona Robinson, J. Watts
9 (RLIN) 20487
245 10 - MENCIÓN DE TÍTULO
Título Robinsonian universal interest tables & co.
Mención de responsabilidad, etc. J. Watts Robinson
260 ## - PUBLICACIÓN, DISTRIBUCIÓN, ETC.
Lugar de publicación, distribución, etc. Massachussetts
Nombre del editor, distribuidor, etc. J. W. Robinson
Fecha de publicación, distribución, etc. c1881
300 ## - DESCRIPCIÓN FÍSICA
Extensión 1 v.
Otras características físicas il., tablas
Dimensiones 37 cm.
500 ## - NOTA GENERAL
Nota general U125
650 14 - PUNTO DE ACCESO ADICIONAL DE MATERIA--TÉRMINO DE MATERIA
Término de materia o nombre geográfico como elemento de entrada Finanzas bursátiles
Subdivisión geográfica Estados Unidos
9 (RLIN) 20488
650 14 - PUNTO DE ACCESO ADICIONAL DE MATERIA--TÉRMINO DE MATERIA
Término de materia o nombre geográfico como elemento de entrada Banca y finanzas
Subdivisión geográfica Estados Unidos
9 (RLIN) 20489
650 14 - PUNTO DE ACCESO ADICIONAL DE MATERIA--TÉRMINO DE MATERIA
Término de materia o nombre geográfico como elemento de entrada Tasas de interés
Subdivisión geográfica Estados Unidos
9 (RLIN) 20490
902 ## - CATALOGADOR
Iniciales GFM
942 ## - ELEMENTOS DE PUNTO DE ACCESO ADICIONAL (KOHA)
Fuente del sistema de clasificación o colocación Library of Congress Classification
Tipo de ítem Koha Libros
Holdings
Estado de retiro Estado de pérdida Estado dañado No para préstamo Localización permanente Ubicación/localización actual Fecha de adquisición Número de inventario Total de préstamos Signatura topográfica completa Código de barras Fecha visto por última vez Precio válido a partir de Tipo de ítem Koha
El ejemplar forma parte de la colección y puede ser consultado según las políticas vigentes.       Biblioteca del Museo Franz Mayer (Rogerio Casas-Alatriste) Biblioteca del Museo Franz Mayer (Rogerio Casas-Alatriste) 19/05/2014 U125   HG1628 .R63 1881 (U125) 8842 22/03/2019 22/03/2019 Libros